• 首页
  • 本馆介绍
  • 公告通知
  • 最新文献
  • 馆藏检索
  • 电子资源
  • 读者导购
  • 参考咨询
  • 我的图书馆
  • 登录
  • 详细信息显示
  • 放入我的书架
  • 预约/预借图书
  • 作者相关作品
  • 分类相关作品
  • 丛书相关作品
  • 出版社相关作品

书目信息

  • 表格格式
  • 工作单格式
  • 卡片格式
题名:
英国微型小说选
    
 
作者: 琼斯 , Jones 编
分册:  
出版信息: 北京   外文出版社  1989
页数: 143页
开本: 19cm
丛书名: 企鹅丛书
单 册:
中图分类: I561.45 , H319.4
科图分类:
主题词: 小小说--英国--现代--选集--英文 , 小小说 , 英语
电子资源:
ISBN: 7-119-00879-X
000 01034oam2 2200313 450
001 1551944476
005 20150128142629.58
010    @a7-119-00879-X@dCNY5.90
100    @a20041011e19961989em y0chiy0121 ea
101 0  @aeng@gchi
102    @aCN@b110000
105    @ay z 000ay
200 1  @a英国微型小说选@9Ying Guo Wei Xing Xiao Shuo Xuan@f()埃斯莫尔·琼斯(EsmorJones)编@F() Ai Si Mo Er· Qiong Si (EsmorJones) Bian
210    @a北京@c外文出版社@d1989@h1996
215    @a143页@d19cm
225 2  @a企鹅丛书
305    @a由英国企鹅出版集团授权
330    @a本选集中的21篇小说大多是新作,他们写的内容较广泛,有严肃的题材,有轻快的故事,每篇都反映了英国社会生活的一个侧面。
461  0 @12001 @a企鹅丛书
510 1  @aBritish Short Stroies of Today@zeng
606 0  @a小小说@y英国@z现代@j选集@j英文
606 0  @a小小说
606 0  @a英语
690    @aI561.45@v5
690    @aH319.4@v4
701  1 @a琼斯@9Qiong Si@bE.@4编
701  1 @aJones@bEsmor@4编
801  0 @aCN@bTSSF@c20150128
905    @aZUCC@dH319.4@eJY511
    
    英国微型小说选/()埃斯莫尔·琼斯(EsmorJones)编.-北京:外文出版社,1989(1996)
    143页;19cm.-(企鹅丛书)
    
    
    ISBN 7-119-00879-X:CNY5.90
    本选集中的21篇小说大多是新作,他们写的内容较广泛,有严肃的题材,有轻快的故事,每篇都反映了英国社会生活的一个侧面。
●
相关链接 在E读中查询图书 在五车中查询图书 在当当中查询图书 在豆瓣中查询图书


正题名:英国微型小说选     索取号:H319.4/JY511         预约/预借

序号 登录号 条形码 馆藏地/架位号 状态 备注
1 7837306   278373065   学院路分馆/ [索取号:H319.4/JY511] 在馆    
2 7837307   278373074   学院路分馆/ [索取号:H319.4/JY511] 在馆    
3 7837308   278373083   学院路分馆/ [索取号:H319.4/JY511] 在馆    
唐山师范学院图书馆 欢迎您!
大连网信软件有限公司© 版权所有